000 00580nam a2200217Ia 4500
001 13256
003 GE_BSU
008 181216s||||||||xx |||||||||||||| ||und||
040 _cGE_BSU
080 _a638.1
100 _aГлухов,М.М.
245 _aМедоносные растения
245 _cРед.В.И.Сергеев
250 _a6-ое дополн.и перераб.
260 _aМосква
260 _bСельхозгиз
260 _c1955
300 _a512стр.илл.27см.
653 _aМедоносные растения
942 _cBK
999 _c46420
_d46420